|
|
|
|
| LEADER |
01298nam a22003497a 4500 |
| 001 |
35285 |
| 003 |
BD-DhAAL |
| 005 |
20211129142959.0 |
| 008 |
190919t2003 enka b 001 0 eng d |
| 999 |
|
|
|c 41178
|d 41178
|
| 010 |
|
|
|a 2003277387
|
| 015 |
|
|
|a GBA2-U7800
|
| 020 |
|
|
|a 0826465277
|
| 020 |
|
|
|a 0826455328 (pbk.)
|
| 020 |
|
|
|a 0826465277 (hbk.)
|
| 035 |
|
|
|a (OCoLC)ocm50717526
|
| 040 |
|
|
|a UKM
|c UKM
|d OCLCQ
|d TKN
|d DLC
|d BD-DhAAL
|
| 042 |
|
|
|a lccopycat
|
| 050 |
0 |
0 |
|a Q181
|b .B525 2003
|
| 082 |
0 |
0 |
|a 507.1
|2 22
|
| 100 |
1 |
|
|a Bennett, Judith,
|c Dr.
|9 34316
|
| 245 |
1 |
0 |
|a Teaching and learning science /
|c Judith Bennett.
|
| 260 |
|
|
|a London ;
|a New York :
|b Continuum,
|c c2003.
|
| 300 |
|
|
|a xxv, 289 pages :
|b illustrations ;
|c 24 cm.
|
| 440 |
|
0 |
|a Continuum studies in research in education
|9 34317
|
| 504 |
|
|
|a Includes bibliographical references (pages [259]-284) and index.
|
| 526 |
|
|
|a BIED
|
| 541 |
|
|
|a Complimentary copy from BIED
|e 35285
|
| 650 |
|
0 |
|a Science
|x Study and teaching.
|9 34318
|
| 852 |
|
|
|a Ayesha Abed Library
|c BIED Collection
|
| 942 |
|
|
|2 ddc
|c BK
|
| 952 |
|
|
|0 0
|1 0
|2 ddc
|4 0
|6 507_100000000000000_BEN
|7 0
|9 66210
|a BRACUL
|b BRACUL
|c GEN
|d 2019-09-09
|e Complimentary copy from BIED
|l 0
|o 507.1 BEN
|p 3010035285
|r 2019-09-09
|t 1
|w 2019-09-09
|y BK
|x Transferred from BIED to General Stacks
|